MARC details
| 000 -LEADER |
| fixed length control field |
03278cam a2200793 a 4500 |
| 001 - CONTROL NUMBER |
| control field |
22712 |
| 003 - CONTROL NUMBER IDENTIFIER |
| control field |
VRT |
| 005 - DATE AND TIME OF LATEST TRANSACTION |
| control field |
20260421145925.0 |
| 008 - FIXED-LENGTH DATA ELEMENTS--GENERAL INFORMATION |
| fixed length control field |
230501s1976 xo fr 00101 slo |
| 015 ## - NATIONAL BIBLIOGRAPHY NUMBER |
| National bibliography number |
SNBA1977 |
| 020 ## - INTERNATIONAL STANDARD BOOK NUMBER |
| Qualifying information |
(viazané) |
| 035 ## - SYSTEM CONTROL NUMBER |
| System control number |
SNK000047603 |
| 035 ## - SYSTEM CONTROL NUMBER |
| System control number |
5548D2F2-33BF-4A02-B00A-398D7E18748B |
| 035 ## - SYSTEM CONTROL NUMBER |
| System control number |
urn:nbn:sk:snk-am00ij37 |
| 039 #9 - LEVEL OF BIBLIOGRAPHIC CONTROL AND CODING DETAIL [OBSOLETE] |
| Level of rules in bibliographic description |
202305011917 |
| Level of effort used to assign nonsubject heading access points |
AUTHORITY |
| Level of effort used to assign subject headings |
202305011909 |
| Level of effort used to assign classification |
AUTHORITY |
| Level of effort used to assign subject headings |
202305011817 |
| Level of effort used to assign classification |
VLOAD |
| Level of effort used to assign subject headings |
202304281418 |
| Level of effort used to assign classification |
VLOAD |
| 040 ## - CATALOGING SOURCE |
| Original cataloging agency |
SNK |
| Language of cataloging |
slo |
| Transcribing agency |
SNK |
| Description conventions |
AACR2 |
| 041 0# - LANGUAGE CODE |
| Language code of text/sound track or separate title |
slo |
| 044 ## - COUNTRY OF PUBLISHING/PRODUCING ENTITY CODE |
| MARC country code |
xo |
| ISO country code |
SK |
| 072 #7 - SUBJECT CATEGORY CODE |
| Subject category code |
821.162.4.09 |
| Subject category code subdivision |
Slovenská literatúra (o nej) |
| Source |
konspekt |
| 080 ## - UNIVERSAL DECIMAL CLASSIFICATION NUMBER |
| Universal Decimal Classification number |
82(091):885.4(091)"09/17" |
| Edition identifier |
1981 |
| 080 ## - UNIVERSAL DECIMAL CLASSIFICATION NUMBER |
| Universal Decimal Classification number |
885.4(091)"09/17" |
| Edition identifier |
1981 |
| 080 ## - UNIVERSAL DECIMAL CLASSIFICATION NUMBER |
| Universal Decimal Classification number |
885.4-96 |
| Edition identifier |
1981 |
| 080 ## - UNIVERSAL DECIMAL CLASSIFICATION NUMBER |
| Universal Decimal Classification number |
821.162.4 |
| Edition identifier |
2011 |
| 080 ## - UNIVERSAL DECIMAL CLASSIFICATION NUMBER |
| Universal Decimal Classification number |
821.162.4-1 |
| Edition identifier |
2011 |
| 080 ## - UNIVERSAL DECIMAL CLASSIFICATION NUMBER |
| Universal Decimal Classification number |
(048.8) |
| Edition identifier |
2011 |
| 100 1# - MAIN ENTRY--PERSONAL NAME |
| Personal name |
Krčméry, Štefan, |
| Dates associated with a name |
1892-1955 |
| Relationship |
aut |
| 245 10 - TITLE STATEMENT |
| Title |
Dejiny literatúry slovenskej 1 |
| Statement of responsibility, etc. |
Štefan Krčméry ; edične pripravili Ján Števček a Emília Nemsilová ; poznámky a vysvetlivky vyparoval Peter Liba ; štúdiu napísal Jozef Minárik |
| 250 ## - EDITION STATEMENT |
| Edition statement |
1. vyd. |
| 260 ## - PUBLICATION, DISTRIBUTION, ETC. |
| Place of publication, distribution, etc. |
Bratislava |
| Name of publisher, distributor, etc. |
Tatran |
| Date of publication, distribution, etc. |
1976 |
| Place of manufacture |
Vimperk |
| Manufacturer |
Stráž |
| 300 ## - PHYSICAL DESCRIPTION |
| Extent |
331 strán |
| Dimensions |
21 cm |
| 366 ## - TRADE AVAILABILITY INFORMATION |
| Note |
6500 výtl. |
| 490 1# - SERIES STATEMENT |
| Series statement |
Okno |
| Volume/sequential designation |
zv. 15 |
| 504 ## - BIBLIOGRAPHY, ETC. NOTE |
| Bibliography, etc. note |
Obsahuje menný register |
| 648 #7 - SUBJECT ADDED ENTRY--CHRONOLOGICAL TERM |
| Chronological term |
10.-18. storočie |
| Source of heading or term |
SNKPH |
| 650 07 - SUBJECT ADDED ENTRY--TOPICAL TERM |
| Topical term or geographic name entry element |
slovenská literatúra |
| Source of heading or term |
SNKPH |
| 650 07 - SUBJECT ADDED ENTRY--TOPICAL TERM |
| Topical term or geographic name entry element |
slovenská poézia |
| Source of heading or term |
SNKPH |
| 655 #7 - INDEX TERM--GENRE/FORM |
| Genre/form data or focus term |
monografie |
| Source of term |
SNKPH |
| 700 1# - ADDED ENTRY--PERSONAL NAME |
| Personal name |
Števček, Ján, |
| Dates associated with a name |
1929-1996 |
| Relationship |
edt |
| 700 1# - ADDED ENTRY--PERSONAL NAME |
| Personal name |
Nemsilová, Emília, |
| Dates associated with a name |
1932- |
| Relationship |
edt |
| 700 1# - ADDED ENTRY--PERSONAL NAME |
| Personal name |
Liba, Peter, |
| Dates associated with a name |
1931-2020 |
| Relationship |
oth |
| 700 1# - ADDED ENTRY--PERSONAL NAME |
| Personal name |
Minárik, Jozef, |
| Dates associated with a name |
1922-2008 |
| Relationship |
aut |
| 830 #0 - SERIES ADDED ENTRY--UNIFORM TITLE |
| Uniform title |
Okno |
| 910 ## - USER-OPTION DATA (OCLC) |
| User-option data |
snk |
| 942 ## - ADDED ENTRY ELEMENTS (KOHA) |
| Source of classification or shelving scheme |
Dewey Decimal Classification |
| Koha item type |
Odborná literatúra pre dospelých |
| Suppress in OPAC |
No |
| 949 ## - LOCAL PROCESSING INFORMATION (OCLC) |
| 6 |
2889028506 |
| a |
savukS 71013 |
| 949 ## - LOCAL PROCESSING INFORMATION (OCLC) |
| 6 |
2889023470 |
| a |
savukS 112688 |
| 949 ## - LOCAL PROCESSING INFORMATION (OCLC) |
| 6 |
273K0270602 |
| a |
svkpoA 105304/I |
| b |
svkpo242010 |
| p |
W 464 |
| r |
Poškodená - zatečená |
| s |
6719:20240213 |
| 949 ## - LOCAL PROCESSING INFORMATION (OCLC) |
| 6 |
273K0270603 |
| a |
svkpoA 105304/Ia |
| b |
svkpo242011 |
| 949 ## - LOCAL PROCESSING INFORMATION (OCLC) |
| 6 |
273K0270610 |
| a |
svkpoA 105304/Ib |
| b |
svkpo242012 |
| 949 ## - LOCAL PROCESSING INFORMATION (OCLC) |
| 6 |
273K0270605 |
| a |
svkpoA 105304/Ic |
| b |
svkpo242013 |
| 949 ## - LOCAL PROCESSING INFORMATION (OCLC) |
| 6 |
273K0270619 |
| a |
svkpoA 105304/Id |
| b |
svkpo242014 |
| 949 ## - LOCAL PROCESSING INFORMATION (OCLC) |
| 6 |
3869A03188 |
| a |
bpksh885.4.82(091) |
| b |
bpksh28136 |
| 949 ## - LOCAL PROCESSING INFORMATION (OCLC) |
| 6 |
3830001044658 |
| a |
kurukO7.5/232 |
| b |
kuruk2010/F3957 |
| o |
z ŠVK Prešov |
| 949 ## - LOCAL PROCESSING INFORMATION (OCLC) |
| 6 |
3830001052651 |
| a |
kurukMSD82/16 |
| b |
kuruk2010/F8629 |
| 949 ## - LOCAL PROCESSING INFORMATION (OCLC) |
| 6 |
3869A03187 |
| a |
bpksh885.4.82(091) |
| b |
bpksh28137 |
| 949 ## - LOCAL PROCESSING INFORMATION (OCLC) |
| 6 |
17A0055951 |
| 9 |
P60, <04>, [BOOK], {604} |
| a |
snkSC 40130/1 D1 |
| 949 ## - LOCAL PROCESSING INFORMATION (OCLC) |
| 6 |
17A0113068 |
| 9 |
snkKRC/1 885.4(091) |
| a |
snkSC 40130/1 D2 |
| b |
snkK 467/77 |
| 949 ## - LOCAL PROCESSING INFORMATION (OCLC) |
| 6 |
17A0225910 |
| a |
snkSC 40130/1 |
| b |
snkKSP 489/77 |
| s |
6100:20220426 |
| 949 ## - LOCAL PROCESSING INFORMATION (OCLC) |
| 6 |
3830001014025 |
| a |
kurukO7.5/232 |
| 949 ## - LOCAL PROCESSING INFORMATION (OCLC) |
| 6 |
3830001080739 |
| a |
kurukO7.5/232 |
| b |
kuruk2013/F6308 |
| 949 ## - LOCAL PROCESSING INFORMATION (OCLC) |
| 6 |
270001000059451 |
| a |
svkbbA 9272-1b |
| b |
svkbbm 321806 |
| p |
321.806 |
| 949 ## - LOCAL PROCESSING INFORMATION (OCLC) |
| 6 |
270001000083550 |
| a |
svkbbA 9272-1e |
| b |
svkbbm 322589 |
| p |
322.589 |
| 949 ## - LOCAL PROCESSING INFORMATION (OCLC) |
| 6 |
270001000083673 |
| a |
svkbbA 9272-1c |
| b |
svkbbm 321807 |
| p |
321.807 |
| 949 ## - LOCAL PROCESSING INFORMATION (OCLC) |
| 6 |
270001000083831 |
| a |
svkbbA 9272-1f |
| b |
svkbbm 341555 |
| p |
341.555 |
| 949 ## - LOCAL PROCESSING INFORMATION (OCLC) |
| 6 |
270001000086557 |
| a |
svkbbA 9272-1a |
| b |
svkbbm 321805 |
| p |
321.805 |
| 949 ## - LOCAL PROCESSING INFORMATION (OCLC) |
| 6 |
270001000249640 |
| a |
svkbbA 9272-1 |
| b |
svkbbm 321804 |
| p |
321.804 |
| 949 ## - LOCAL PROCESSING INFORMATION (OCLC) |
| 6 |
270001000083824 |
| a |
svkbbA 9272-1d |
| b |
svkbbm 321808 |
| p |
321.808 |